|
|
|
|
| LEADER |
00951nam a22002772a 4500 |
| 001 |
001635815 |
| 003 |
CZ BrMZK |
| 005 |
20180801090310.0 |
| 007 |
ta |
| 008 |
180626s1942 xxc er|||||||||||eng d |
| 040 |
|
|
|a BOA001
|b cze
|e aacr2
|
| 072 |
|
7 |
|a 631
|x Zemědělství. Pedologie. Agrotechnika. Agroekologie
|2 Konspekt
|9 24
|
| 080 |
|
|
|a 631.563.9
|2 MRF
|
| 080 |
|
|
|a (048.8)
|2 MRF
|
| 100 |
1 |
|
|a Phillips, W. R.
|4 aut
|
| 245 |
1 |
0 |
|a Construction and operation of a home storage for fruits and vegetables /
|c W.R. Phillips
|
| 260 |
|
|
|a Ottawa :
|b Canada Department of Agriculture,
|c 1942
|
| 300 |
|
|
|a 14 s.
|
| 490 |
1 |
|
|a Farmer's Bulletin ;
|v 113
|
| 650 |
0 |
7 |
|a skladování zemědělských plodin
|7 ph151466
|2 czenas
|
| 655 |
|
7 |
|a studie
|7 fd133597
|2 czenas
|
| 830 |
|
0 |
|a Farmers' bulletin
|
| 910 |
|
|
|a BOA001
|b X-0511.270
|
| 990 |
|
|
|a BK
|
| 991 |
|
|
|b 201806
|
| 996 |
7 |
|
|b 2618945670
|c X-0511.270
|l MZK
|r Sklad / do 24 hodin
|n 0
|w 001671782
|u 000010
|a 1
|e BOA001
|j MZK50
|s A
|